000 00539nam a2200193Ii 4500
003 JO-AjNU
008 230606s9999||||xx |||||||||||||| ||und||
040 _aJO-AjNU
_beng
_erda
_cJO-AjNU
041 _aeng
050 1 4 _aLB1050 2007
100 3 _aDurodola,Sharolyn Pollard,
_eauthor
_92404
245 0 0 _aLearn Reading
264 3 1 _aNew Delhi:Anmol Publication PVT.LTD,2007
300 _a272p
336 _atext
_btxt
_2rdacontent
337 _aunmediated
_bn
_2rdamedia
338 _avolume
_bnc
_2rdacarrier
650 4 _aReading
_92405
999 _aE1260
_c1260
_d1260